| 000 | 00802pam a2200277 a 4500 | ||
|---|---|---|---|
| 001 | 4943791 | ||
| 003 | OSt | ||
| 005 | 20140310184340.0 | ||
| 008 | 960416s1997 nyu c 000 1 eng | ||
| 010 | _a 96018412 | ||
| 020 | _a059386336 | ||
| 040 |
_aDLC _cDLC _dDLC |
||
| 042 | _alcac | ||
| 050 | 0 | 0 |
_aPZ 7 _b.Sp75663 1998 |
| 100 | 1 |
_aSpinelli, Jerry. _95159 |
|
| 245 | 1 | 4 |
_aThe library card / _cJerry Spinelli. |
| 260 |
_aNew York : _bScholastic Press, _c1998. |
||
| 300 |
_a148 p. : _c22 cm. |
||
| 521 | _aG4 | ||
| 526 | _c690 | ||
| 650 | 1 |
_aBooks and reading _xFiction. _924487 |
|
| 906 |
_a7 _bcbc _corignew _d1 _eocip _f19 _gy-gencatlg |
||
| 942 |
_2lcc _cBK-SCHOLAS |
||
| 999 |
_c33812 _d33812 |
||